Fundamentals of database systems (Record no. 2042)

MARC details
000 -LEADER
fixed length control field 00427nam a2200169Ia 4500
008 - FIXED-LENGTH DATA ELEMENTS--GENERAL INFORMATION
fixed length control field 130318s9999 xx 000 0 und d
020 ## - INTERNATIONAL STANDARD BOOK NUMBER
International Standard Book Number 9788131716250
082 ## - DEWEY DECIMAL CLASSIFICATION NUMBER
Classification number 005.74 ELM/F;3
100 ## - MAIN ENTRY--PERSONAL NAME
Personal name Elmasri, Ramez
245 ## - TITLE STATEMENT
Title Fundamentals of database systems
250 ## - EDITION STATEMENT
Edition statement 5
260 ## - PUBLICATION, DISTRIBUTION, ETC.
Name of publisher, distributor, etc. Pearson Education
Place of publication, distribution, etc. Noida
Date of publication, distribution, etc. 2007
300 ## - PHYSICAL DESCRIPTION
Extent 1143
650 ## - SUBJECT ADDED ENTRY--TOPICAL TERM
Topical term or geographic name entry element DATABASES
650 ## - SUBJECT ADDED ENTRY--TOPICAL TERM
Topical term or geographic name entry element SQL PROGRAMMING
700 ## - ADDED ENTRY--PERSONAL NAME
Personal name Navathe, Shamkant B
Holdings
Withdrawn status Lost status Source of classification or shelving scheme Damaged status Not for loan Home library Current library Shelving location Date acquired Cost, normal purchase price Total Checkouts Full call number Barcode Date last seen Date last checked out Price effective from Koha item type
    Dewey Decimal Classification     Kerala University of Digital Sciences, Innovation and Technology Knowledge Centre Kerala University of Digital Sciences, Innovation and Technology Knowledge Centre Computer Science 18/03/2013 399.00 5 005.74 ELM/F;4 2059 21/03/2023 14/12/2022 18/03/2013 Books